Business driven technology / (Record no. 613575)

000 -LEADER
fixed length control field 01251cam a2200361 i 4500
001 - CONTROL NUMBER
control field 20765350
005 - DATE AND TIME OF LATEST TRANSACTION
control field 20250414204259.0
008 - FIXED-LENGTH DATA ELEMENTS--GENERAL INFORMATION
fixed length control field 181203s2020 nyu 000 0 eng
010 ## - LIBRARY OF CONGRESS CONTROL NUMBER
LC control number 2018052791
020 ## - INTERNATIONAL STANDARD BOOK NUMBER
International Standard Book Number 978-1260548105
Qualifying information (alk. paper)
040 ## - CATALOGING SOURCE
Original cataloging agency DLC
Language of cataloging eng
Transcribing agency DLC
Description conventions rda
Modifying agency DLC
042 ## - AUTHENTICATION CODE
Authentication code pcc
050 00 - LIBRARY OF CONGRESS CALL NUMBER
Classification number HD30.2
Item number .H32 2020
082 00 - DEWEY DECIMAL CLASSIFICATION NUMBER
Classification number 658.4038
Edition number 23
Author Mark BAL
100 1# - MAIN ENTRY--PERSONAL NAME
Personal name Baltzan, Paige,
9 (RLIN) 128675
245 10 - TITLE STATEMENT
Title Business driven technology /
Statement of responsibility, etc. Paige Baltzan,
250 ## - EDITION STATEMENT
Edition statement 8th Edition.
260 ## - PUBLICATION, DISTRIBUTION, ETC.
Place of publication, distribution, etc. New York;
Name of publisher, distributor, etc. McGraw-Hill Education,
Date of publication, distribution, etc. 2020.
300 ## - PHYSICAL DESCRIPTION
Extent xxx, 510 p.
Dimensions 29 cm
336 ## - CONTENT TYPE
Content type term text
Content type code txt
Source rdacontent
337 ## - MEDIA TYPE
Media type term unmediated
Media type code n
Source rdamedia
338 ## - CARRIER TYPE
Carrier type term volume
Carrier type code nc
Source rdacarrier
500 ## - GENERAL NOTE
General note Revised edition of the author's Business driven technology, [2018]
504 ## - BIBLIOGRAPHY, ETC. NOTE
Linkage Includes index
563 ## - BINDING INFORMATION
Binding note PB
650 #0 - SUBJECT ADDED ENTRY--TOPICAL TERM
Topical term or geographic name entry element Information technology
General subdivision Management.
650 #0 - SUBJECT ADDED ENTRY--TOPICAL TERM
Topical term or geographic name entry element Management information systems.
650 #0 - SUBJECT ADDED ENTRY--TOPICAL TERM
Topical term or geographic name entry element Information resources management.
9 (RLIN) 12474
650 #0 - SUBJECT ADDED ENTRY--TOPICAL TERM
Topical term or geographic name entry element Industrial management
General subdivision Technological innovations.
9 (RLIN) 128676
906 ## - LOCAL DATA ELEMENT F, LDF (RLIN)
a 7
b cbc
c orignew
d 1
e ecip
f 20
g y-gencatlg
942 ## - ADDED ENTRY ELEMENTS (KOHA)
Source of classification or shelving scheme
Koha item type Book
Holdings
Withdrawn status Lost status Source of classification or shelving scheme Damaged status Not for loan Permanent Location Current Location Shelving location Date acquired Source of acquisition Cost, normal purchase price Total Checkouts Full call number Barcode Date last seen Price effective from Koha item type
          Central Library (CL) Central Library (CL) Management Sciences 04/14/2025 Progressive Intl Agencies pvt Ltd 19031.67   658.4038 BAL CL-1671 04/14/2025 04/14/2025 Book
© 2023 Central Library, National University of Sciences and Technology. All Rights Reserved.